Stanislav Štepka: Radošinské naivné divadlo

Bibliographic Details
Main Authors: Mikula, Valér, 1949- (Author), Štepka, Stanislav, 1944- (Author)
Format: Article
Language:Slovak
Subjects:

MARC

LEADER 00000nab a2200000 a 4500
001 vtls000186222
003 SK-MaSNL
005 20260303190538.0
008 160215c1984 xo 0 slo
015 |a SNBRB19rr/mm-uuuuu 
035 |a CL0196335 
040 |a SNKBUCL  |b slo  |c SNKBUCL  |e AACR2 
041 0 |a slo 
044 |a xo  |c SK 
080 |a 82.09:885.4-2(048)  |2 1981 
080 |a 885.4-2(048)  |2 1981 
100 1 |a Mikula, Valér,  |d 1949-  |4 aut  |9 105043 
245 1 0 |a Stanislav Štepka: Radošinské naivné divadlo  |c Valér Mikula ; Stanislav Štepka 
500 |a Pod spoločným názvom Skusmo píše... V rubrike Recenzie. 
650 0 7 |a divadelné hry  |2 snkbucl  |9 79680 
655 7 |a články z novín a časopisov  |2 snkbucl  |9 267496 
655 7 |a články z odboru literárna veda a krásna literatúra  |2 snkbucl  |9 770045 
700 1 |a Štepka, Stanislav,  |d 1944-  |4 aut  |9 88236 
773 0 |t Romboid  |g Roč. 19, č. 6 (1984), s. 96 
787 0 8 |i Rec.:  |a Štepka, Stanislav  |t Radošinské naivné divadlo  |d Bratislava : Tatran, 1983 
850 |a Slovenská národná knižnica v Martine  |a MTA001 
852 |a SNK  |b KIS3GCP 
958 |a BX 
958 |a RK 
958 |a LX 
992 |a RBX 
999 |c 2136782  |d 2138712